| 000 | 00972cam a2200289 a 4500 | ||
|---|---|---|---|
| 999 |
_c7725 _d7725 |
||
| 001 | 8079 | ||
| 003 | BD-DhUAP | ||
| 005 | 20210130151047.0 | ||
| 008 | 210130s2003 maua b 001 0 eng | ||
| 010 | _a 2002021908 | ||
| 020 | _a0072485078 (student ed. : alk. paper) | ||
| 020 | _a0072485124 (annotated instructor's ed. : alk. paper) | ||
| 020 | _a0071199098 (international ed.) | ||
| 040 |
_aDLC _cDLC _dBD-DhUAP _beng |
||
| 082 | 0 | 0 |
_a301 SCH _223 |
| 100 | 1 | _aSchaefer, Richard T. | |
| 245 | 1 | 0 |
_aSociology / _cRichard T. Schaefer. |
| 250 | _a8th ed. | ||
| 260 |
_aBoston : _bMcGraw-Hill, _cc2003. |
||
| 300 |
_avarious pages : _billustrations ; _c28 cm. |
||
| 504 | _aIncludes bibliographical references and indexes. | ||
| 538 | _aMinimum systen requirements Windows 98, 2000, XP, ME or 4.0, Pentium II or faster CD-ROM drive 4x faster. | ||
| 650 | 0 | _aSociology. | |
| 650 | 0 | _aSocial problems. | |
| 651 | 0 |
_aUnited States _xSocial policy. |
|
| 942 |
_2ddc _cBK |
||